00588nam a2200157 a 450000100100000000500170001000800410002704000250006810000380009324500450013126000490017630000230022550000590024895201060030799900170041300003838320201002031237.0130410s2004 dr 000 0 spa d aDO-SdBNPbspacBNPHU1 aNúñez, Oscar F.,d198096473310aDiosa del sueño /cOscar F. Núñez. aSanto Domingo :bAmazing Graphis ,c[s. F.]. a110 p. : ;c18 cm. aBreve biografía del autor en la solapa de la portada 00107-18PDaPDbPDcOId2013-04-10iLF1l0o p38383-10r2020-06-25w2020-06-25yLFPDZNo se presta c37873d37873